000 00365 a2200169 4500
001 182082
020 _a85-16-00985-8
040 _cMagnum
100 _aBandeira, Pedro
240 1 0 _aA marca de uma lágrima
_lpor
245 1 0 _aA marca de uma lágrima
300 _a126
362 0 _a1994
440 1 _aModerna
697 _aLITERATURA JUVENIL
942 _cBK
999 _c182082
_d182082